| 000 | 00440nam a22001457a 4500 | ||
|---|---|---|---|
| 020 | _a0849338042 | ||
| 082 |
_222 _a628.3 |
||
| 100 | _aCrites, Ronald, W...[et al.] | ||
| 245 |
_aNatural wastewater treatment systems : _badvanced in sampling and analysis / |
||
| 250 | _aNA | ||
| 260 |
_aUSA, _bTaylor and Prancis, _cc2005. |
||
| 300 |
_a552 p. ; _bill. ; _c24 cm. |
||
| 700 | _aMiddlebrooks, E. Joe and Reed, Sherwood, C. | ||
| 942 |
_2ddc _cCIVIL |
||
| 999 |
_c3542 _d3542 |
||